000 00585nam a2200229Ia 4500
003 OSt
005 20220923230616.0
006 a|||||r|||| 00| 0
007 ta
008 Pun
024 _a283,792
037 _cTextual
040 _aARTS
_cARTS
_bPun
041 _2Pun
_aPun
082 _aO153:g, K9
100 _aਸਿੰਘ, ਕਰਨ ਜੀਤ
_9158592
245 0 _aਕਲਮ ਦੀ ਅੱਖ
260 _c1969
650 _aਪੰਜਾਬੀ ਸਾਹਿਤ
942 _hO153:g, K9
_cTEXL
_2CC
999 _c386008
_d386008